000 00352 a2200157 4500
001 181704
020 _a978-85-99359-19-8
040 _cMagnum
100 _aCampos, Karina Araújo
240 1 0 _aDa palavra à literatura
_lpor
245 1 0 _aDa palavra à literatura
300 _a112
362 0 _a2009
697 _aLITERATURA GERAL
942 _cBK
999 _c181704
_d181704